| 000 | 01051cam a2200205 4500 | ||
|---|---|---|---|
| 001 | WB3921-23 | ||
| 008 | 030604n2003 000 0 eng u | ||
| 035 | _a(Sirsi) u122517 | ||
| 245 | _aNew initiative to clean-up Scottish water environment | ||
| 260 | _c2003 | ||
| 490 |
_aScottish Executive News Release _v(SEEN431/2003) 3 June 2003 (2) |
||
| 520 | _aThe Scottish Minister for Environment and Rural Development has announced the launch of a £2.95m six-month pilot scheme, aimed at cleaning-up farm waste and protecting the water environment. The 48 farms included in the scheme will pilot various solutions such as the feasibility of using slurry to produce biogas for power generation as an answer to the problem of diffuse pollution, where livestock excrement contaminates water. http://www.scotland.gov.uk/pages/news/2003/06/SEEN431.aspx. | ||
| 590 | _aWB | ||
| 650 | _aPOLLUTION | ||
| 650 | _aWATER POLLUTION | ||
| 650 | _aFARMING | ||
| 650 | _aBIOGAS | ||
| 690 | _aENVIRONMENTAL AND LAND CONSULTANCY-WASTE MANAGEMENT | ||
| 942 | _n0 | ||
| 999 |
_c72819 _d72819 |
||